Basic texts of the food and agriculture organization of the United Nations: Vol.1-2
Enregistré dans:
| Auteur principal: | |
|---|---|
| Format: | Livre |
| Langue: | Undetermined |
| Publié: |
Rome
FAO
1994
|
| Sujets: | |
| Tags: |
Ajouter un tag
Pas de tags, Soyez le premier à ajouter un tag!
|
| Thư viện lưu trữ: | Trung tâm Học liệu Trường Đại học Cần Thơ |
|---|
| LEADER | 00553nam a2200181Ia 4500 | ||
|---|---|---|---|
| 001 | CTU_21545 | ||
| 008 | 210402s9999 xx 000 0 und d | ||
| 082 | |a 351.8233 | ||
| 082 | |b B311/Vol.1-2 | ||
| 100 | |a FAO | ||
| 245 | 0 | |a Basic texts of the food and agriculture organization of the United Nations: Vol.1-2 | |
| 245 | 0 | |c FAO | |
| 260 | |a Rome | ||
| 260 | |b FAO | ||
| 260 | |c 1994 | ||
| 650 | |a farm produce,nutrition surveys - laws and legislation,produce trade | ||
| 904 | |i Minh, 980112 | ||
| 980 | |a Trung tâm Học liệu Trường Đại học Cần Thơ | ||